000
00389nam a22001457a 4500
003
OSt
005
20150930151108.0
008
150930b xxu||||| |||| 00| 0 eng d
040
_c
RUA
082
_a
AGR អ៊ីវ 1992 B002 Or.1
100
_9
1614
_a
អ៊ីវ, សុផល
245
_a
ដំណាំចេកនៅកម្ពុជា
300
_a
57P.
_c
29cm.
942
_2
ddc
_c
AGR
999
_c
1522
_d
1522